Normal view
MARC view
Entry Uniform Title
001 - CONTROL NUMBER
- control field: 18739
003 - CONTROL NUMBER IDENTIFIER
- control field: dpl
005 - DATE AND TIME OF LATEST TRANSACTION
- control field: 20100907135935.0
008 - FIXED-LENGTH DATA ELEMENTS
- fixed length control field: 100907|||a|||||| | ||| d
040 ## - CATALOGING SOURCE
- Original cataloging agency: dpl
- Transcribing agency: dpl
130 ## - HEADING--UNIFORM TITLE
- Uniform title: Bengali Tagore Songs
670 ## - SOURCE DATA FOUND
- Source citation: Work cat.: (dpl): 17690 Mukherjee, Hemanta, Aore Nutan Jugar Bhoara /
670 ## - SOURCE DATA FOUND
- Source citation: Work cat.: (dpl): 17690 Mukherjee, Hemanta, Aore Nutan Jugar Bhoara /
